000 00308nam a2200145Ia 4500
100 _aGoldstein/Herbert
250 _a2
942 _cBK
654 _aclassical mechanics
245 _aClassical mechanics
260 _bNarosa Publication House
_c2000
300 _a684
546 _aENGLISH
999 _c33845
_d33845